Normal view
MARC view
Entry Nome pessoal
001 - NÚMERO DE CONTROLE
- campo de controle: 218
003 - IDENTIFICADOR DO NÚMERO DE CONTROLE
- campo de controle: Br
005 - DATA E HORÁRIO DA ÚLTIMA TRANSAÇÃO
- campo de controle: 20250124162857.0
008 - CAMPO DE DADOS FIXOS
- campo de controle de tamanho fixo: 130227|| acnacaban aaaa
035 ## - NÚMERO DE CONTROLE DO SISTEMA
- Número de Controle do Sistema: 2013022714151645med
040 ## - FONTE DA CATALOGAÇÃO
- Instituição da catalogação original: blrjbn
- Instituição que transcreveu o registro: blrjbn
100 1# - CABEÇALHO--NOME PESSOAL
- Nome pessoal: Canavan, Trudi,
- Datas associadas ao nome: 1969-
670 ## - FONTE POSITIVA DOS DADOS
- Citação da fonte positiva dos dados: Autor: O clã dos magos. 2012
- Dados encontrados na fonte localizada no subcampo: (orelha: vive na Austrália)
670 ## - FONTE POSITIVA DOS DADOS
- Citação da fonte positiva dos dados: lc authorities 22/01/13
- Dados encontrados na fonte localizada no subcampo: (d.n.: 23/10/69; autora e designer gráfica)